| 000 | 00423nam a2200157Ia 4500 | ||
|---|---|---|---|
| 001 | 59488 | ||
| 008 | 160208n ii |||gr||||Z||||||465 | ||
| 082 | _a891.2209 | ||
| 100 |
_aDwibedi, _eSibprasad. |
||
| 245 | 0 |
_aAbhigyan - Sakuntalam _cSibprasad Dwibedi _hTextual Documents |
|
| 260 |
_aDelhi _bBharatiya Vidya Prakashan |
||
| 300 | _c23cm. | ||
| 653 | _aSanskrit Literature | ||
| 653 | _aMS - Sanskrit | ||
| 942 |
_2ddc _cBK |
||
| 999 |
_c59365 _d59365 |
||